Budapest research forum (Record no. 117224)
[ view plain ]
| 000 -LEADER | |
|---|---|
| fixed length control field | 00941cam a2200229 4500 |
| 001 - CONTROL NUMBER | |
| control field | WB4015-06 |
| 008 - FIXED-LENGTH DATA ELEMENTS--GENERAL INFORMATION | |
| fixed length control field | 040421n2004 000 0 eng u |
| 035 ## - SYSTEM CONTROL NUMBER | |
| System control number | (Sirsi) u125895 |
| 245 ## - TITLE STATEMENT | |
| Title | Budapest research forum |
| 260 ## - PUBLICATION, DISTRIBUTION, ETC. | |
| Date of publication, distribution, etc. | 2004 |
| 490 ## - SERIES STATEMENT | |
| Series statement | DTZ RESEARCH |
| Volume/sequential designation | April 2004 (1) |
| 520 ## - SUMMARY, ETC. | |
| Summary, etc. | Latest figures from the Budapest Research Forum for the first three months of 2004 saw office take-up reaching almost 55 000 m sq. This was the highest quarterly take-up in the last three years. Due to the high level of take-up, the vacancy rate dropped to 18.9% by the close of March. This is the lowest vacancy rate since the late 1990s. The report is available to download free of charge at http://www.dtzresearch.com/. |
| 590 ## - LOCAL NOTE (RLIN) | |
| Local note | WB |
| 590 ## - LOCAL NOTE (RLIN) | |
| Local note | WB |
| 650 ## - SUBJECT ADDED ENTRY--TOPICAL TERM | |
| Topical term or geographic name entry element | BUDAPEST |
| 650 ## - SUBJECT ADDED ENTRY--TOPICAL TERM | |
| Topical term or geographic name entry element | TAKE-UP |
| 650 ## - SUBJECT ADDED ENTRY--TOPICAL TERM | |
| Topical term or geographic name entry element | VACANCY RATES |
| 650 ## - SUBJECT ADDED ENTRY--TOPICAL TERM | |
| Topical term or geographic name entry element | NEW BUILDINGS |
| 650 ## - SUBJECT ADDED ENTRY--TOPICAL TERM | |
| Topical term or geographic name entry element | EUROPE |
| 690 ## - LOCAL SUBJECT ADDED ENTRY--TOPICAL TERM (OCLC, RLIN) | |
| Topical term or geographic name as entry element | COMMERCIAL PROPERTY-MARKET |
| 942 ## - ADDED ENTRY ELEMENTS (KOHA) | |
| Suppress in OPAC | 0 |
| Withdrawn status | Lost status | Source of classification or shelving scheme | Damaged status | Not for loan | Home library | Current library | Shelving location | Date acquired | Total Checkouts | Full call number | Barcode | Date last seen | Copy number | Price effective from | Koha item type |
|---|---|---|---|---|---|---|---|---|---|---|---|---|---|---|---|
| Dewey Decimal Classification | London | London | News article | 21/04/2004 | WB4015-06 | 125895-1001 | 06/08/2019 | 1 | 06/08/2019 | News article |